Wird geladen...
Animal life encyclopedia(Vol.9)
| 1. Verfasser: | |
|---|---|
| Format: | Printed Book |
| Sprache: | English |
| Veröffentlicht: |
New york
Van nostrand
1973
|
| Schlagworte: |
| LEADER | 00528nam a2200157 a 4500 | ||
|---|---|---|---|
| 005 | 20151028162320.0 | ||
| 008 | 960221s1955 dcuabcdjdbkoqu001 0deng d | ||
| 003 | ViArRB | ||
| 082 | |a 591.03 |b L0.9 | ||
| 100 | |a Grzimek, Bernhard |9 27377 | ||
| 245 | |a Animal life encyclopedia(Vol.9) | ||
| 653 | |a Encyclopedia, zoology |a Encyclopedia |a zoology | ||
| 942 | |c REF |6 _ | ||
| 260 | |a New york |b Van nostrand |c 1973 | ||
| 999 | |c 79662 |d 79662 | ||
| 952 | |0 0 |1 0 |2 ddc |4 0 |6 59103_L09 |7 0 |9 92900 |a SOS |b SOS |d 2009-09-09 |o 591.03 L0.9 |p MS002777 |r 2013-06-14 |w 2009-09-09 |y REF | ||